LEADER 00895nam0-22003131i-450- 001 990000584080403321 005 20001010 035 $a000058408 035 $aFED01000058408 035 $a(Aleph)000058408FED01 035 $a000058408 100 $a20001010d--------km-y0itay50------ba 101 0 $aita 105 $ay-------001yy 200 1 $aAPPROXIMATE METHODS OF HIGHER ANALYSIS$fKANTOROVICH & KRYLOV 210 $aNew York$cInterscience Publishers$dInc.$d1964 610 0 $aMetodi Numerici 610 0 $aMatematica pura e applicata 610 0 $aAlgebra 610 0 $aGeometria 700 1$aKantorovich,$bLeonid Vital'evich$f<1912- >$0102715 801 0$aIT$bUNINA$gRICA$2UNIMARC 901 $aBK 912 $a990000584080403321 952 $a07 H-37$b3432$fDINSC 959 $aDINSC 996 $aAPPROXIMATE METHODS OF HIGHER ANALYSIS$9318650 997 $aUNINA DB $aING01 LEADER 02376nam 2200481 450 001 9910548172403321 005 20221007090025.0 010 $a9783030928063$b(electronic bk.) 010 $z9783030928056 035 $a(MiAaPQ)EBC6896956 035 $a(Au-PeEL)EBL6896956 035 $a(CKB)21325601300041 035 $a(OCoLC)1308497342 035 $a(PPN)260832111 035 $a(EXLCZ)9921325601300041 100 $a20221007d2022 uy 0 101 0 $aeng 135 $aurcnu|||||||| 181 $ctxt$2rdacontent 182 $cc$2rdamedia 183 $acr$2rdacarrier 200 00$aChitooligosaccharides $eprevention and control of diseases /$fSe-Kwon Kim, editor 205 $a1st edition. 210 1$aCham, Switzerland :$cSpringer,$d[2022] 210 4$dİ2022 215 $a1 online resource (352 pages) $c(XII, 352 p. 62 illus., 41 illus. in color.) 311 08$aPrint version: Kim, Se-Kwon Chitooligosaccharides Cham : Springer International Publishing AG,c2022 9783030928056 327 $aIntroduction to Chitooligosaccharides --Chemical Preparation of ChitoOligosaccharides --Enzymatic Production of Different Types of Chitooligosaccharides --Enzymatic Production of Different Types of Chitooligosaccharides. 330 $aThis book outlines the production of chitooligossacharides and their derivatives and discusses their main biological activities, biomedical applications and their role in disease prevention. Chitooligosaccharides are products of chitosan or chitin degradation, prepared by enzymatic or chemical hydrolysis of chitosan, and they consist mainly of N-acetyl glucosamine and glucosamine bonded with a glycosidic bond. Compared to chitin and chitosan, chitooligossacharides offer advantages for large-scale and commercial applications due to their solubility in water and lower molecular weight. Written by leading experts, this book is divided into four parts. 606 $aOligosaccharides 606 $aOligosaccharides$xBiotechnology 606 $aChitosan$xBiotechnology 615 0$aOligosaccharides. 615 0$aOligosaccharides$xBiotechnology. 615 0$aChitosan$xBiotechnology. 676 $a572.565 702 $aKim$b Se-Kwon 801 0$bMiAaPQ 801 1$bMiAaPQ 801 2$bMiAaPQ 912 $a9910548172403321 996 $aChitooligosaccharides$92903939 997 $aUNINA LEADER 01249oam 2200337z- 450 001 9910136206803321 005 20250511160244.0 010 $a1-78010-824-9 035 $a(CKB)3710000000916107 035 $a(BIP)058020620 035 $a(VLeBooks)9781780108247 035 $a(EXLCZ)993710000000916107 100 $a20220209c2016uuuu -u- - 101 0 $aeng 200 $aA rustle of silk: a Gabriel Taverner mystery 210 $cSevern House Digital 215 $a1 online resource (256 p.) 225 $aThe Gabriel Taverner mysteries 330 8 $a1603. Former ship's surgeon Gabriel Taverner is trying to re-establish himself as a physician in rural Devon. But it's not easy to gain the locals' trust, and several disturbing incidents convince him that at least one person does not welcome him. When he's called out to examine a body, he starts to uncover some darker aspects of the silk trade. 606 $aSilk 606 $aSilk industry 606 $aSurgeons 615 0$aSilk. 615 0$aSilk industry. 615 0$aSurgeons. 676 $a823.92 700 $aClare$b Alys$01433465 906 $aBOOK 912 $a9910136206803321 996 $aA rustle of silk: a Gabriel Taverner mystery$94173724 997 $aUNINA